Computer networks : An open source approach (Record no. 10845)
[ view plain ]
| 000 -LEADER | |
|---|---|
| fixed length control field | 00441 a2200169 4500 |
| 020 ## - INTERNATIONAL STANDARD BOOK NUMBER | |
| International Standard Book Number | 9780071315876 |
| 082 ## - DEWEY DECIMAL CLASSIFICATION NUMBER | |
| Classification number | 004.6 |
| 090 ## - LOCALLY ASSIGNED LC-TYPE CALL NUMBER (OCLC); LOCAL CALL NUMBER (RLIN) | |
| -- | 7036 |
| -- | 7036 |
| 100 ## - MAIN ENTRY--PERSONAL NAME | |
| Personal name | Lin, Ying-Dar |
| 110 ## - MAIN ENTRY--CORPORATE NAME | |
| Corporate name or jurisdiction name as entry element | Hwang, Ren-Hung |
| 245 ## - TITLE STATEMENT | |
| Title | Computer networks : An open source approach |
| Statement of responsibility, etc. | Ying-Dar Lin |
| 260 ## - PUBLICATION, DISTRIBUTION, ETC. | |
| Place of publication, distribution, etc. | US |
| Name of publisher, distributor, etc. | McGraw Hill |
| Date of publication, distribution, etc. | 2012 |
| 300 ## - PHYSICAL DESCRIPTION | |
| Extent | 744 p. |
| 650 ## - SUBJECT ADDED ENTRY--TOPICAL TERM | |
| Topical term or geographic name entry element | Computer networks--Computer programs |
| 700 ## - ADDED ENTRY--PERSONAL NAME | |
| Personal name | Ying-Dar Lin |
| 942 ## - ADDED ENTRY ELEMENTS (KOHA) | |
| Koha item type | Book |
| Call number prefix | 004.6 LIN |
| Withdrawn status | Lost status | Damaged status | Not for loan | Collection code | Permanent Location | Current Location | Shelving location | Date acquired | Source of acquisition | Cost, normal purchase price | Total Checkouts | Full call number | Barcode | Date last seen | Date last checked out | Price effective from | Koha item type |
|---|---|---|---|---|---|---|---|---|---|---|---|---|---|---|---|---|---|
| Central Library (CL) | Central Library (CL) | First Floor - Data Communication/Network/Architecture | 04/19/2012 | Allied Book Company | 2688.57 | 3 | 004.6 LIN | SEECS011207 | 03/10/2020 | 01/26/2019 | 01/05/2017 | Book | |||||
| Central Library (CL) | Central Library (CL) | First Floor - Data Communication/Network/Architecture | 05/16/2012 | Allied Book Company | 2688.57 | 1 | 004.6 LIN | SEECS011310 | 08/11/2014 | 01/20/2014 | 01/05/2017 | Book |
